| 000 | 00315nam a22001217a 4500 | ||
|---|---|---|---|
| 022 | _a0034-0383 | ||
| 082 | _a2020 | ||
| 245 |
_aReader's digest : The world best loved magazine / _cLouise Waterson. Ed in Chief. |
||
| 260 |
_aSingapore: _cSince 1922. |
||
| 300 | _c18cm. | ||
| 650 |
_aMagazine. _935281 |
||
| 942 | _cCR | ||
| 999 |
_c540980 _d540980 |
||